[Event "SMWM 65+"]
[Site "?"]
[Date "2018.07.07"]
[Round "1.17"]
[White "Jones, Iolo C"]
[Black "Faibisovich, Vadim Z"]
[Result "1-0"]
[WhiteElo "2175"]
[BlackElo "2312"]
[PlyCount "89"]
[EventDate "2018.??.??"]
[TimeControl "6000+590"]
[WhiteClock "0:27:35"]
[BlackClock "0:18:41"]

1. d4 Nf6 2. Nf3 e6 3. c4 d5 4. Nc3 Be7 5. e3 O-O 6. Bd3 b6 7. cxd5 exd5 8. O-O
Bb7 9. Ne5 c5 10. Qf3 Nc6 11. Nxc6 Bxc6 12. Bd2 c4 13. Bxc4 Qd7 14. Bd3 b5 15.
a3 a5 16. Rfc1 b4 17. axb4 axb4 18. Ne2 Ne4 19. Be1 f5 20. Ng3 g6 21. Qe2 Bd6
22. Rxa8 Rxa8 23. Nxe4 fxe4 24. Bxe4 dxe4 25. Qc4+ Kf8 26. Qxc6 Qxc6 27. Rxc6
Ra1 28. Kf1 Ke7 29. f3 exf3 30. gxf3 Rb1 31. Ke2 Rxb2+ 32. Kd3 b3 33. Rb6 Kd7
34. Bc3 Rxh2 35. Rxb3 h5 36. Rb7+ Ke8 37. Rg7 Rg2 38. f4 h4 39. Rh7 Be7 40. d5
Ra2 41. Be5 Ra6 42. Ke4 g5 43. fxg5 Bxg5 44. d6 Ra5 45. Kf5 1-0

[Event "SMWM 65+"]
[Site "?"]
[Date "2018.07.07"]
[Round "1.18"]
[White "Mishuchkov, Nikolai M"]
[Black "Thornton, John D"]
[Result "1-0"]
[WhiteElo "2311"]
[BlackElo "2080"]
[PlyCount "99"]
[EventDate "2018.??.??"]
[TimeControl "6000+950"]
[WhiteClock "0:52:36"]
[BlackClock "0:22:44"]

1. Nf3 Nf6 2. c4 g6 3. g3 Bg7 4. Bg2 O-O 5. O-O d6 6. d4 Nc6 7. Nc3 a6 8. Bf4
Rb8 9. Rc1 Nh5 10. Be3 e5 11. dxe5 Nxe5 12. Nxe5 Bxe5 13. Ba7 Ra8 14. Bd4 c6
15. f4 Bxd4+ 16. Qxd4 Qf6 17. Rfd1 Qxd4+ 18. Rxd4 Be6 19. b3 Rfd8 20. Rcd1 Kf8
21. Rxd6 Rxd6 22. Rxd6 Ke7 23. Rd4 Rd8 24. Rxd8 Kxd8 25. Ne4 Ng7 26. Ng5 h6 27.
Nxe6+ Nxe6 28. Kf2 Kc7 29. Ke3 Kd6 30. Bh3 f5 31. Kd3 a5 32. Bg2 Kc5 33. a3 b5
34. cxb5 cxb5 35. e4 b4 36. axb4+ axb4 37. exf5 gxf5 38. Bf3 Nd4 39. Bd1 Kd5
40. h3 Ne6 41. Ke3 Nd4 42. Bh5 Nc2+ 43. Kd3 Nd4 44. Bf7+ Kc5 45. g4 fxg4 46.
hxg4 Nf3 47. Ke4 Nh4 48. Ke5 Nf3+ 49. Kf6 Kd4 50. g5 1-0

[Event "SMWM 65+"]
[Site "?"]
[Date "2018.07.07"]
[Round "1.19"]
[White "Van Kemenade, Rudy"]
[Black "Karasev, Vladimir I"]
[Result "0-1"]
[WhiteElo "1948"]
[BlackElo "2337"]
[Annotator "Thornton,John"]
[PlyCount "46"]
[EventDate "2018.??.??"]
[TimeControl "6000+765"]
[WhiteClock "1:27:55"]
[BlackClock "0:56:44"]

1. f4 e5 2. fxe5 d6 3. exd6 Bxd6 4. Nf3 g5 5. g3 g4 6. Nh4 Be7 7. Ng2 h5 8. d4
h4 9. Bf4 h3 10. Ne3 Nf6 11. Qd3 Nc6 12. c3 Be6 13. Nd2 Qd7 14. b3 ({Komodo 12
64-bit:} 14. O-O-O a6 (14... Bxa2 15. Nf5 {Komodo 12 64-bit: 1)} O-O-O ({
Komodo 12 64-bit: 2)} 15... Nh5 16. e4 Be6 17. Nxe7 Nxe7 18. Be3 O-O-O 19. d5
Nxd5 20. exd5 Qxd5 21. Qxd5 Bxd5 22. Rg1 Rhe8 23. Bxa7 b6 24. Bb5 c6 25. Bxb6
cxb5 26. Bxd8 Rxd8 27. Rdf1 {Komodo 12 64-bit:} Bg2 28. Rxf7 Nxg3 29. Re1 Nh5
30. Re5 g3 31. Rc5+ Kb8 32. Nf3 gxh2 33. Rxb5+ Kc8 34. Rc5+ Kb8 35. Nxh2 Ng3
36. Rg7 Ne2+ 37. Kc2 Be4+ 38. Kb3 Nf4 39. Re7 Bd3 40. Rf7 Nd5 41. Ra5 Ne3 {
[%eval 164,17]}) ({Komodo 12 64-bit: 3)} 15... Na5 16. e4 Nb3+ 17. Nxb3 Bxb3
18. Re1 a6 19. d5 Rg8 20. Qd4 Nh5 21. Nh6 Nxf4 22. Nxg8 Ng2 23. Nxe7 Nxe1 24.
Be2 Nf3 25. Qh8+ Kxe7 26. Qxa8 c6 {[%eval 201,17]}) 16. e4 Rh5 17. Be2 Be6 18.
Nxe7+ Nxe7 19. Rhf1 Ra5 20. Qb1 Ba2 21. Qc2 Be6 22. b3 Nh5 23. Be3 c6 24. Nc4
Bxc4 25. bxc4 f5 26. exf5 Nf6 {[%eval 176,17]}) 15. Nc2 O-O-O 16. e4 Bxa2 17.
b3 Na5 18. Kb2 Nxb3 19. Nxb3 Bxb3 20. Kxb3 Qe6+ 21. d5 Qb6+ 22. Nb4 a5 23. Be3
c5 24. Ra1 axb4 25. Ra8+ Kc7 26. Bf4+ Bd6 {[%eval 127,18]}) 14... O-O-O 15.
O-O-O Nh5 16. Nec4 Nxf4 17. gxf4 f5 18. Ne5 Nxe5 19. dxe5 Qc6 20. e4 Rxd3 21.
Bxd3 Qxc3+ 22. Bc2 Ba3+ 23. Kb1 Qb2# 0-1

[Event "SMWM 65+"]
[Site "?"]
[Date "2018.07.07"]
[Round "1.20"]
[White "Shushpanov, Vladimir"]
[Black "James, Dai"]
[Result "1-0"]
[WhiteElo "2198"]
[BlackElo "1832"]
[PlyCount "45"]
[EventDate "2018.??.??"]
[TimeControl "6000+605"]
[WhiteClock "0:46:45"]
[BlackClock "0:53:45"]

1. e4 e6 2. b3 d5 3. Bb2 Nf6 4. e5 Nfd7 5. f4 c5 6. Nf3 Nc6 7. Bb5 Qb6 8. c4
Ne7 9. Nc3 a6 10. Ba4 g6 11. O-O Bg7 12. d3 O-O 13. Qd2 Qc7 14. Rac1 b6 15.
cxd5 exd5 16. b4 b5 17. Bd1 Bb7 18. bxc5 Qxc5+ 19. d4 Qb6 20. Ba3 Rfe8 21. Bb3
Rac8 22. Bxe7 Rxe7 23. Nxd5 1-0

[Event "WSTT 65+"]
[Site "?"]
[Date "2018.07.08"]
[Round "2.1"]
[White "Harding, Tim"]
[Black "Jones, Iolo C"]
[Result "1/2-1/2"]
[WhiteElo "2074"]
[BlackElo "2175"]
[PlyCount "23"]
[EventDate "2018.07.10"]

1. e4 e5 2. Nf3 Nf6 3. Nxe5 d6 4. Nf3 Nxe4 5. c4 Be7 6. d4 c5 7. Bd3 Nf6 8. Nc3
O-O 9. h3 d5 10. O-O Nc6 11. dxc5 dxc4 12. Bxc4 1/2-1/2

[Event "WSTT 65+"]
[Site "?"]
[Date "2018.07.08"]
[Round "2.2"]
[White "Thornton, John D"]
[Black "James, Kevin"]
[Result "1/2-1/2"]
[WhiteElo "2080"]
[BlackElo "1818"]
[Annotator "Thornton,John"]
[PlyCount "37"]

1. e4 c6 2. d4 d5 3. Nc3 dxe4 4. Nxe4 Bf5 5. Ng3 Bg6 6. Bc4 e6 7. N1e2 Bd6 8.
Nf4 Qc7 9. Nxg6 (9. Nfh5) 9... hxg6 10. Qf3 Nf6 11. Bd2 Nbd7 12. O-O-O O-O-O
13. Kb1 Kb8 14. Bb3 Rc8 15. h3 c5 16. dxc5 (16. c3) 16... Nxc5 17. Bb4 Rh4 18.
Bxc5 (18. c3) 18... Qxc5 19. Rd2 1/2-1/2

[Event "WSTT65+"]
[Site "?"]
[Date "2018.07.08"]
[Round "2.3"]
[White "O'Leary, Matt"]
[Black "Van Kemenade, Rudy"]
[Result "0-1"]
[WhiteElo "1874"]
[BlackElo "1978"]
[Annotator "Thornton,John"]
[PlyCount "42"]

1. e4 e5 2. Nf3 Nf6 3. Bc4 Nxe4 4. Nxe5 d5 5. Be2 Bd6 6. d4 O-O 7. O-O c5 8.
Nf3 Nc6 9. Be3 c4 10. c3 f5 11. Bc1 $6 (11. Bg5 $4 {almost played?}) 11... g5
12. Nbd2 g4 13. Nxe4 $2 gxf3 14. Bg5 $2 fxe2 15. Qxe2 Qc7 (15... Be7 $142) 16.
Nf6+ Kh8 17. Nxd5 Qf7 18. Bf6+ $2 Kg8 19. Qf3 Be6 20. Qe3 (20. Qg3+ $4 {almost
played}) 20... Bxd5 21. Qg5+ Qg6 0-1

[Event "WSTT 50+"]
[Site "?"]
[Date "2018.07.07"]
[Round "1.4"]
[White "Jhunjhnuwala, Suresh"]
[Black "Hughes, Anthony"]
[Result "1/2-1/2"]
[WhiteElo "1880"]
[BlackElo "1909"]
[PlyCount "58"]

1. e4 c6 2. d4 d5 3. exd5 cxd5 4. Bd3 Nc6 5. c3 Qc7 6. h3 Nf6 7. Nf3 g6 8. O-O
Bg7 9. Re1 O-O 10. Bg5 h6 11. Bc1 Bd7 12. Nbd2 Rae8 13. Ne5 Qc8 14. Nxd7 Qxd7
15. Nf3 Qc7 16. Ne5 Nd7 17. f4 e6 18. Qg4 Ne7 19. Bb5 Nf6 20. Qf3 Rb8 21. Bd3
b5 22. Bd2 a5 23. a3 Rfc8 24. Qe2 Qd6 25. Kh1 Rb7 26. Ng4 Nh5 27. Qf2 Rcb8 28.
Ne5 Nf6 29. Qe2 Nh5 1/2-1/2

[Event "WSTT 65+"]
[Site "?"]
[Date "2018.07.08"]
[Round "2.4"]
[White "Bevan, Peter M"]
[Black "McMahon, Frank"]
[Result "1-0"]
[WhiteElo "1883"]
[BlackElo "1870"]
[Annotator "Thornton,John"]
[PlyCount "114"]

1. Nf3 Nf6 2. g3 d5 3. Bg2 Bg4 4. c4 c6 5. b3 e6 6. Bb2 Nbd7 7. O-O Be7 8. d3
O-O 9. Nbd2 Rc8 10. h3 Bh5 11. a3 Qb6 12. Qc2 Bg6 13. b4 a6 14. Bd4 Qc7 15. Qb2
Bd6 16. c5 Be7 17. Ne5 Nxe5 18. Bxe5 Qd7 19. g4 Ne8 20. f4 f6 21. Bd4 Nc7 22.
a4 Rce8 23. Nf3 Bd8 24. Rae1 Re7 25. Nh4 Be8 26. Rf2 e5 27. fxe5 fxe5 28. Bxe5
$2 Rxe5 29. Rxf8+ Kxf8 30. Rf1+ Kg8 31. Qxe5 Bxh4 32. e4 Bf6 33. Qf4 h6 34. e5
Be7 35. Qf2 d4 36. Be4 Ne6 37. Bf5 Bg5 38. Bxe6+ Qxe6 39. Qxd4 Qd5 40. Qxd5+
cxd5 41. a5 Be3+ 42. Kg2 Bd2 43. Rb1 (43. e6 $1 $11) 43... Kf7 44. Rb3 d4 45.
Kg3 Ke6 46. Rb2 Be3 47. Rb1 Bb5 48. Rd1 Kxe5 49. h4 Ba4 50. Rf1 Bc2 51. Rf7
Bxd3 52. Rxb7 Bb5 $4 53. Rxb5 axb5 54. a6 d3 55. Kf3 Kd4 56. a7 Kc3 57. a8=Q
Kc2 1-0

[Event "WSTT 50+"]
[Site "?"]
[Date "2018.07.08"]
[Round "2.3"]
[White "Schulenberg, Bernd"]
[Black "Hughes, Anthony"]
[Result "1/2-1/2"]
[WhiteElo "2152"]
[BlackElo "1909"]
[PlyCount "66"]

1. e4 c6 2. d4 d5 3. e5 c5 4. c3 Nc6 5. Nf3 cxd4 6. cxd4 Bg4 7. Be2 e6 8. a3
Qb6 9. b4 Bxf3 10. gxf3 Qxd4 11. Qxd4 Nxd4 12. Bd1 Rc8 13. Be3 Nc6 14. Ba4 a6
15. b5 axb5 16. Bxb5 Nge7 17. Nd2 Nf5 18. Nb3 Nxe3 19. fxe3 Kd8 20. f4 Be7 21.
Kd2 Rc7 22. Rhb1 Kc8 23. Bd3 g6 24. Rc1 Kb8 25. Nd4 Nxd4 26. exd4 Rxc1 27. Kxc1
Rc8+ 28. Kb2 Rc6 29. Bb5 Rc7 30. Rd1 Bh4 31. Rf1 Kc8 32. Kb3 Kd8 33. Kb2 Kc8
1/2-1/2

[Event "WSTT 65+"]
[Site "?"]
[Date "2018.07.09"]
[Round "3.2"]
[White "Sandmeier, Toni"]
[Black "Thornton, John D"]
[Result "1/2-1/2"]
[WhiteElo "2159"]
[BlackElo "2080"]
[Annotator "Thornton,John"]
[PlyCount "68"]

1. c4 e5 2. g3 Nf6 3. Bg2 d5 4. cxd5 Nxd5 5. Nf3 Nc6 6. O-O Be7 7. Nc3 Nb6 8.
d3 O-O 9. Be3 Be6 10. Na4 Nd5 11. Bc5 b6 (11... Bd6) 12. Bxe7 Qxe7 13. Rc1 Qd6
14. Ng5 Bd7 15. e3 Rad8 16. Nc3 Nce7 17. Qb3 Nxc3 18. Qxc3 c5 19. Ne4 Qe6 20.
Ng5 Qd6 21. Rfd1 Bc6 22. Bxc6 Nxc6 23. a3 Rc8 24. Qc4 Qg6 25. Nf3 Qf6 26. Qe4
Qg6 27. Qa4 Rfd8 28. Nh4 Qh5 29. Qe4 a5 30. Rd2 Qh6 31. Nf5 Qe6 32. g4 Qd5 33.
Qxd5 Rxd5 34. Kf1 Kf8 1/2-1/2

[Event "WSTT 65+"]
[Site "?"]
[Date "2018.07.09"]
[Round "3.4"]
[White "Staub, Gerhard"]
[Black "James, Dai"]
[Result "1-0"]
[WhiteElo "2013"]
[BlackElo "1832"]
[PlyCount "95"]

1. e4 e5 2. Nf3 Nc6 3. Bb5 f5 4. d3 d6 5. Nc3 Bd7 6. exf5 Nf6 7. O-O Be7 8. Ng5
Nd4 9. Bc4 d5 10. Nxd5 Bxf5 11. Ne3 Bg6 12. c3 b5 13. cxd4 bxc4 14. dxe5 Bxd3
15. Qa4+ Qd7 16. Qxd7+ Nxd7 17. Nd5 Bxg5 18. Bxg5 Bxf1 19. Nxc7+ Kf7 20. Nxa8
Bd3 21. Nc7 Nxe5 22. Re1 Nc6 23. Bd2 Nd4 24. f3 Rb8 25. Bc3 Ne2+ 26. Kf2 Nxc3
27. bxc3 Rb2+ 28. Kg3 Rxa2 29. Nd5 g5 30. Nb4 Re2 31. Ra1 Re7 32. Nc6 Rc7 33.
Rxa7 Rxa7 34. Nxa7 h5 35. f4 Kf6 36. Nc6 Be4 37. fxg5+ Kxg5 38. Ne5 Bd5 39.
Nf3+ Kf5 40. Nd4+ Kg5 41. Kf2 h4 42. h3 Kf4 43. Nf3 Bxf3 44. gxf3 Ke5 45. Ke3
Kf5 46. f4 Ke6 47. Ke4 Kf6 48. f5 1-0

[Event "WSTT 65+"]
[Site "?"]
[Date "2018.07.09"]
[Round "3.1"]
[White "Jones, Iolo C."]
[Black "Vogt, Lothar"]
[Result "1/2-1/2"]
[WhiteElo "2175"]
[BlackElo "2376"]
[PlyCount "35"]

1. d4 Nf6 2. Nf3 g6 3. Bf4 Bg7 4. e3 O-O 5. Be2 d6 6. h3 Nbd7 7. O-O e6 8. Nc3
b6 9. e4 Bb7 10. e5 dxe5 11. Nxe5 Nxe5 12. Bxe5 Ne4 13. Nxe4 Bxe5 14. dxe5 Bxe4
15. f3 Bd5 16. c4 Bc6 17. Qxd8 Rfxd8 18. Rfd1 1/2-1/2

[Event "WSTT 65+"]
[Site "?"]
[Date "2018.07.09"]
[Round "3.3"]
[White "Bevan, Peter M"]
[Black "Gass, Ulrich"]
[Result "1/2-1/2"]
[WhiteElo "1883"]
[BlackElo "2072"]
[PlyCount "109"]

1. Nf3 d6 2. d4 Bg4 3. c4 Bxf3 4. exf3 c6 5. f4 g6 6. Nc3 Bg7 7. Be3 Nh6 8. g4
f5 9. g5 Nf7 10. d5 c5 11. h4 Na6 12. h5 Qa5 13. Qa4+ Qxa4 14. Nxa4 O-O 15.
O-O-O Nc7 16. Bg2 b6 17. Nc3 a6 18. hxg6 hxg6 19. Kc2 Rab8 20. a4 b5 21. axb5
axb5 22. cxb5 Nxb5 23. Nxb5 Rxb5 24. b3 Ra8 25. Rb1 Ra2+ 26. Kd3 Nd8 27. Rhc1
Ra3 28. Kc2 Nb7 29. Bf1 Ra2+ 30. Kd1 Rb4 31. Rc2 Ra3 32. Bc4 Na5 33. Bd2 Rb8
34. Bxa5 Rxa5 35. Ke2 Kf7 36. Rh1 Rba8 37. Kf3 Ra2 38. Rhc1 Bb2 39. Rd1 Bd4 40.
Rdd2 R2a3 41. Rd1 Rh8 42. Kg3 Bg7 43. Re1 Ra7 44. Rce2 Rb8 45. Rd1 Rba8 46.
Rde1 Rb7 47. Rd1 Rb4 48. Rde1 Ra7 49. Kf3 Rbb7 50. Kg3 Bc3 51. Rc1 Bd4 52. Rce1
Ra1 53. Rxa1 Bxa1 54. Ra2 Bd4 55. Ra8 1/2-1/2

[Event "WSTT 65+"]
[Site "?"]
[Date "2018.07.10"]
[Round "4.1"]
[White "Crombleholme, Alan K"]
[Black "Thornton, John D"]
[Result "1/2-1/2"]
[WhiteElo "1974"]
[BlackElo "2080"]
[PlyCount "65"]

1. d4 Nf6 2. Nf3 g6 3. c4 Bg7 4. Nc3 O-O 5. e4 d6 6. Be2 e5 7. O-O Nc6 8. d5
Ne7 9. Ne1 Nd7 10. Nd3 f5 11. Bd2 Nf6 12. f3 f4 13. c5 g5 14. a4 Ng6 15. cxd6
cxd6 16. a5 h5 17. h3 g4 18. fxg4 hxg4 19. hxg4 Rf7 20. Ra3 Bf8 21. Nf2 Rh7 22.
Nb1 Rh4 23. g3 fxg3 24. Rxg3 Nh7 25. Nh3 Bh6 26. Rf5 Bxd2 27. Qxd2 Rxh3 28.
Rxh3 Bxf5 29. gxf5 Nf4 30. Rg3+ Kf7 31. Bf1 Rc8 32. Qh2 Nf6 33. Qh6 1/2-1/2

[Event "WSTT 65+"]
[Site "?"]
[Date "2018.07.10"]
[Round "4.2"]
[White "Van Kemenade, Rudy"]
[Black "Ewart, Brian R"]
[Result "1-0"]
[WhiteElo "1948"]
[BlackElo "1913"]
[Annotator "Rudy"]
[PlyCount "141"]
[EventDate "2018.07.10"]

1. f4 d5 2. Nf3 c5 3. g3 g6 4. Bg2 Bg7 5. O-O Nc6 6. d3 Nf6 7. c3 O-O 8. Na3
Qc7 (8... Rb8) (8... b6) 9. Qe1 (9. Qc2 {also played}) 9... b6 (9... a6 {main}
10. h3 {( the only games in the main databases with this move are 3 of Rudy's}
b6 11. g4 e6 12. e4 dxe4 13. dxe4 Bb7 14. e5 Ne8 15. Ng5 {Van Kemenade-Martin
Jones, Dyfed League 2015,1-0}) 10. Nb5 {main} Qd7 $146 {Komodo12} (10... Qb8
11. e4 dxe4 12. dxe4 e5 13. f5 Bb7 14. Nh4 {Pritchett-Friedgood, Caorle zonal
1972,1/2-1/2}) (10... Qd8 11. h3 a6 12. Na3 Bb7 13. e4 dxe4 14. dxe4 e5 15. Nc4
{Danielsen-Gunnarsson, Reykjavik op 2006,1-0}) 11. a4 (11. e4 {Komodo12- Wh
worried about} dxe4 12. dxe4 Qd3 {however} 13. Nc7 (13. a4 Nxe4 $2 14. Ne5 $18)
13... Rb8 14. e5 Ne8 15. Nxe8 Rxe8 16. Be3 $14 {Wh had looked at the
vulnerability down the long diagonal}) 11... Bb7 $15 {Komodo12} 12. e4 dxe4 13.
dxe4 e5 (13... a6 14. Na3 Na5 15. e5 Ng4 16. h3 Nh6 17. b4 cxb4 18. cxb4 Nb3
19. Rb1 Nxc1 20. Rxc1 Rac8 21. Nc4 $11 {Komodo12}) 14. Nh4 (14. Qe2 $14 {
Komodo12}) 14... exf4 (14... a6 15. Na3 Na5) 15. gxf4 (15. Bxf4 Ne8 16. Rd1 Qe7
17. e5 a6 18. Na3 Na5 19. Qd2 $14 {Komodo12}) 15... Rfe8 (15... a6 16. Na3 Na5
17. e5 Bxg2 18. Nxg2 Nd5 19. Qe4 Rad8 $17 {Komodo12}) 16. e5 Re6 {is one of
Komodo12's initial choices, giving it a slightly better for Wh, who doesn't
take the exchange. Wh did have a consideration about mating threats on the
long diagonal} (16... Re7 17. Be3 Ng4 18. Bf2 (18. Rd1 Qxd1 19. Qxd1 Nxe3 20.
Qe2 Nxf1 21. Qxf1 Rd8 $11) 18... Nxf2 19. Qxf2 Rd8 20. Nd6 Na5 $11 {Komodo12})
17. Bh3 (17. Qd1 Rd8 18. Qxd7 Nxd7 19. Be3 $14 (19. Rd1 $14) (19. Nxa7 $14)) (
17. Be3 Ng4 18. Rd1 Qe7 (18... Qxd1 19. Qxd1 Nxe3 20. Qe2 Nxf1 21. Nc7 $18) 19.
Bc1 Ncxe5 20. Qg3 Bxg2 21. Nxg2 a6 22. Na3 $16 {Komodo12}) 17... Nd5 (17... Ne8
18. Be3 Na5 19. Rd1 (19. f5 gxf5 (19... Rxe5 20. fxg6 Qxh3 21. gxf7+ Kf8 22.
fxe8=Q+ Kxe8 23. Rd1 $18 {Komodo12})) (19. Bxe6 Qxe6 20. Qe2 Bf8 21. Rad1 a6
22. Na3 Ng7 $11) 19... Qc6 20. Bg2 Qc8 21. Qe2 Bxg2 22. Nxg2 $11 {Komodo12})
18. Nf3 (18. Qg3 Nde7 19. Nd6 Rd8 (19... Ba6 20. Rd1 $18) 20. Bxe6 fxe6 21. Qg4
$16 {Komodo12}) (18. Nd6 Ba6 19. Bxe6 Qxe6 20. Nb5 Na5 21. Qg3 $14) 18... h6 (
18... f5 19. Ng5 Re7 20. Bg2 Nxe5 21. fxe5 Bxe5 22. Qh4 Bf6 23. Rd1 a6 24. Na3
Rd8 25. Nc2 Qe8 $14 {Komodo12}) 19. Qg3 (19. f5 {considered} gxf5 (19... Rxe5
20. Qg3 $1 {Komodo12} (20. Nxe5 Nxe5 21. Qg3 Qe7 22. fxg6 fxg6 23. Bg2 g5 $14)
20... Rxf5 21. Bxf5 Qxf5 22. Ng5 Qe5 23. Nxf7 Qh5 24. Qf3 Qxf3 25. Rxf3 g5 $16)
20. Bxf5 Nce7 21. Bxe6 Qxe6 22. Nd6 Bc6 23. Qg3 Rf8 $16 {Komodo12}) 19... Nce7
20. Rd1 (20. Nh4 $16 {Komodo12}) 20... Qc6 (20... Nf5 21. Bxf5 gxf5 22. Nh4 a6
23. Nd6 Rxd6 24. exd6 Nf6 25. a5 Re8 26. axb6 Qc6 27. Qg2 Qxb6 28. Qg3 Qc6 29.
Qg2 $11 (29. Ng2 Re2 30. Rd2 Nh5 31. Rxe2 Nxg3 32. hxg3 Qxd6 $17)) 21. Bxe6
fxe6 (21... Qxe6 22. Nd6 Nf5 23. Nxf5 Qxf5 24. Nh4 Qe6 25. f5 gxf5 26. Kf2 Kh7
27. Nf3 Re8 28. Rg1 Bxe5 29. Nxe5 Qxe5 30. Qxe5 Rxe5 31. Re1 Re6 32. a5 $14 {
Komodo12}) 22. Nd6 Ba6 (22... Nxc3 {considered by wh} 23. bxc3 Qxf3 24. Rf1
Qh1+ 25. Kf2 Qc6 26. Nxb7 Qxb7 27. Qf3 $16 {Komodo12}) 23. c4 $18 Nc7 24. Nh4
Kh7 25. Qf3 (25. Be3 $18) (25. b3 $18) (25. Kf2 $18 Rg8 (25... Rf8 26. Nxg6 $18
) 26. Ra2 Bc8 27. b3 {all Komodo12}) 25... Qxf3 26. Nxf3 Rf8 {Komodo12} 27. Kg2
{2nd choice Komodo12} (27. Nb5 Ne8 28. Rd7 Nc6 29. Nxa7 Nxa7 30. Rxa7 Bxc4 31.
a5 $18 {Komodo12}) 27... Nc6 28. Nb5 (28. b3 g5 29. Rb1 (29. Kg3) 29... Kg6 (
29... gxf4 30. Bb2 Ne7 31. Kf2 $18) 30. Kg3 $18 {Komodo12}) 28... Rf7 (28...
Ne8 29. a5 Nxa5 30. Rd7 Bc8 31. Re7 Nc6 32. Raxa7 $18 {Komodo12}) 29. Be3 (29.
Ra3 $1 $18 {Komodo12, protects the N leaving the the d file for the other R-
Wh had looked at Rf1 at some point}) (29. Nd6 Rf8 30. b3 $18 {retracing steps})
29... Na5 30. Rac1 {considered, Komodo12} (30. Nd2 $16 {considered}) (30. Nd6
Nxc4 31. Nxf7 Nxe3+ 32. Kg3 Nxd1 33. Rxd1 Nd5 34. a5 Bb5 35. axb6 axb6 36. Ra1
$18 {Komodo12}) 30... Nxb5 31. axb5 Bb7 32. Kg3 (32. Rf1 Nb3 33. Rc3 Nd4 34.
Bxd4 cxd4 35. Ra3 g5 (35... Rxf4 36. Rxa7 Be4 37. Kg3 g5 38. Nxg5+ hxg5 39.
Rxf4 gxf4+ 40. Kxf4 Bg2 41. Rd7 d3 42. Rxd3 Bf1 43. Rd4 Bh6+ 44. Kf3 Bf8 45. b3
$18)) 32... g5 (32... Bxf3 33. Kxf3 Bxe5 34. Ke4 Bxb2 35. Rc2 Bf6 36. Rd6 Re7
37. Bd2 Nb7 38. Rd3 Bd4 39. Bc3 e5 40. fxe5 Rxe5+ 41. Kf3 Rf5+ 42. Kg2 Rg5+ 43.
Rg3 Rxg3+ 44. Kxg3 Bxc3 45. Rxc3 $16 {Komodo12}) 33. Ng1 (33. Rf1 $16 {Komodo12
}) (33. Nd2 Rd7 34. b3 Rd3 35. Kf2 Nxb3 36. Nxb3 Rxb3 37. Rd7 Be4 38. Rg1 $18 {
Komodo12}) 33... Nb3 34. Rc2 gxf4+ 35. Bxf4 Nd4 36. Rxd4 $6 {thinking that the
d pawn could be won} (36. Rf2 $14 {initial intention}) 36... cxd4 37. Rd2 Bf8
$1 $17 38. Ne2 Rg7+ 39. Kf2 Rg2+ (39... Bc5 $1 40. Ke1 (40. Kf1 Rf7 $19 41. b4
Bxb4 42. Rxd4 a5 43. bxa6 Bxa6 44. Kg2 Bc5 45. Rd2 Bxc4 {Komodo121}) 40... Bb4
41. Nxd4 Rg2 42. Nxe6 Kg6 43. Nd4 Bxd2+ 44. Bxd2 Rxh2 $19 45. e6 Rh4 46. Be3
Re4 47. Kf2 h5 48. b4 h4 49. c5 h3 50. Nf3 Bd5 {Komodo12} 51. cxb6 axb6 52. Nh2
Rxe6 $19) 40. Kf1 Bc5 $15 41. Ng3 (41. b4 Bxb4 42. Rxd4 Bc5 43. Rd7+ Rg7 44.
Rxg7+ Kxg7 45. Nc1 $11 a5 46. Ke2 Kg6 47. Nd3 Bg1 48. Be3 Bxe3 49. Kxe3 a4 50.
Kd4 Kf5 51. c5 bxc5+ 52. Kc3 a3 53. Nxc5 Bc8 54. b6 Kxe5 55. Kb3 Kd4 56. b7
Bxb7 57. Nxb7 Ke3 58. Kxa3 Kf3 59. Nd8 Kg2 60. Nxe6 Kxh2 61. Ng7 $11 {Komodo12}
) 41... Rxd2 42. Bxd2 d3 43. Bc3 (43. Nh5 Bd4 44. b4 Bxe5 45. Nf4 Be4 46. Ke1
Kg7 47. Be3 Bc3+ 48. Bd2 Be5 49. Be3 Kf6 50. Kd2 Kf5 51. Nxd3 Bxh2 52. Bxh6 Bg2
$15 {Komodo12}) 43... Bf3 44. Ke1 Be3 (44... Bg1 {expected} 45. Nf1 Bg2 46. h4
Kg6 47. Ng3 h5 48. Bd2 Bd4 49. Bf4 Bc5 50. Kd2 Be7 51. Kxd3 Bxh4 52. Ke3 Be7
53. Ne2 Bf1 54. Kf2 Bxe2 55. Kxe2 Kf5 56. Kf3 Bb4 57. Bh2 h4 $19 {eventually
the e pawn falls} 58. Bf4 Bf8 59. b3 Bg7 60. Be3 Bxe5 61. c5 bxc5 62. Bxc5 Bb8
63. Bf2 h3 64. b6 axb6 65. Bxb6 {Komodo12 gives this as a Bl win, but Lomosoc
tables establish a draw.}) 45. Nf1 $11 Bf4 (45... Bg1 46. Kd2 Be4 47. b4 $11)
46. b4 $11 {Wh's only chance} Be2 (46... Kg6 $5 47. c5 Kf7 48. Kf2 Bd1 49. h4
h5 50. Nd2 Ba4 51. Ne4 d2 52. Bxd2 (52. Nxd2 Bxd2 {oposite colour Bs}) 52...
Bxe5 53. Kf3 bxc5 54. Bc3 Bc7 55. bxc5 Bxb5 56. Nd6+ Bxd6 57. cxd6 Bc6+ 58. Kf4
Ke8 {looks drawn, although Bl has 2 passed pawns, they are blockaded}) 47. c5
Bg5 (47... Kg6 48. c6 (48. Bd4 Kf7 49. cxb6 axb6 50. h3 h5 51. Bxb6 Bxe5 52.
Ba7 Bc3+ 53. Kf2 Bxb4 54. Ne3 Ke7 55. Nc4 Kd8 56. Be3 Kc7 {looks like a
repetition is on hand}) 48... Bf3 49. Nd2 Bxd2+ 50. Kxd2 Kf7 51. Kxd3 Ke8 $11)
48. Bd4 (48. c6 Bf3 49. Nd2 Bxd2+ 50. Kxd2 Kg6 51. Kxd3 Bd5 52. Bd2 h5 53. Ke3
Kf5 54. Bc3 $16 {but there is no way in for the Wh K}) 48... Bd8 49. Ne3 Bf3
50. Kd2 Be4 {Bl very short of time} (50... Bg5 51. Kxd3 Bxe3 52. Kxe3 Bg2 53.
cxb6 axb6 54. Bxb6 Kg6 (54... Bf1 55. Kd4 Bxb5 56. Kc5 $18) 55. Bc7 Bd5 56. b6
Kf7 (56... Kf5 57. Kd4 $18 Kg4 58. Kc5 Kh3 59. Kd6 Kxh2 60. Bd8) 57. Kf4 (57.
Kd4 Ke8 58. Kc5 Kd7 59. Kb5 Bb7 {no entry}) 57... Kg6 {holds for Bl}) 51. Nc4
$18 Bg5+ 52. Be3 Be7 (52... Bd8) 53. Nd6 (53. c6 Bd8 54. Nd6 Bd5 55. Bxh6 {
Komodo12}) 53... Bd5 54. Nc8 Bd8 55. Kxd3 (55. Nxa7) 55... Kg6 56. Nxa7 Bc7 57.
Bd4 Kf5 58. Nc6 (58. cxb6 Bd8 59. Nc6 {more accurate}) 58... Be4+ 59. Kc3 (59.
Ke3) 59... Bxc6 60. bxc6 (60. cxb6 $1 {Komodo12}) 60... b5 {missed by Wh} 61.
Kd3 Kg4 (61... Kf4 62. Be3+ Kxe5 63. Bxh6 Kf6 64. Bf8 Ke5 65. h4 $18) 62. Ke4
Kh3 63. Be3 h5 64. Bf4 (64. Bg5 {looked at, but dangeous ?} Kxh2 65. Kf3 $1 {
Komodo12} (65. Be7 Kg3 66. Bd6 h4 $1 $19 (66... Bd8 67. c7 Bxc7 68. Bxc7 h4 69.
Bd8 h3 70. Bg5 {just wins for Wh})) 65... Kg1 66. Be7 $18) 64... Kg2 (64... Kg4
65. Bh6 Kh3 66. Bg5 Kxh2 67. Kf3 $18 (67. Kf4 $18)) 65. h4 Kf2 (65... Bd8 66.
Bg5 Bxg5 67. hxg5 h4 68. c7 h3 69. c8=Q h2 70. Qh8 $18) 66. Bg5 Ke2 67. Be7 Kd2
68. Bd6 Bd8 69. c7 Bxc7 70. Bxc7 Kc3 71. c6 1-0

[Event "WSTT 65+"]
[Site "?"]
[Date "2018.07.10"]
[Round "4.3"]
[White "Thynne, Trevor"]
[Black "Bevan, Peter M"]
[Result "1-0"]
[WhiteElo "1911"]
[BlackElo "1883"]
[PlyCount "77"]

1. d4 d6 2. Nf3 c6 3. c4 Nf6 4. g3 Nbd7 5. Nc3 e5 6. e4 Be7 7. Bg2 O-O 8. O-O
a6 9. a4 b6 10. Re1 Re8 11. b3 Qc7 12. Bb2 Bf8 13. h3 Bb7 14. d5 c5 15. Qc2 g6
16. Re2 Nh5 17. Rf1 Be7 18. Bc1 Rf8 19. Bh6 Ng7 20. Nh2 f5 21. Qd2 Rf7 22. f4
exf4 23. gxf4 fxe4 24. Bxe4 Bf6 25. Ng4 Bd4+ 26. Kh2 Nf6 27. Bg5 Nxg4+ 28. hxg4
Raf8 29. Bf3 Bc8 30. Kg2 Qd7 31. Rh1 h5 32. gxh5 Nxh5 33. Re6 Bf6 34. Qc2 Bxg5
35. Qxg6+ Rg7 36. Qxh5 Bf6+ 37. Kf1 Bxc3 38. Qh8+ Kf7 39. Bh5+ 1-0

[Event "WSTT 65+"]
[Site "?"]
[Date "2018.07.10"]
[Round "4.4"]
[White "James, Dai"]
[Black "Denning, Julie"]
[Result "1-0"]
[WhiteElo "1832"]
[BlackElo "1641"]
[PlyCount "55"]
[EventDate "2018.??.??"]

1. e4 c5 2. Nc3 Nc6 3. g3 d6 4. Bg2 e6 5. f4 Nf6 6. d3 a6 7. a4 Be7 8. Nf3 Rb8
9. O-O Qc7 10. h3 b5 11. g4 b4 12. Ne2 g6 13. b3 Nd7 14. g5 f6 15. Bb2 e5 16.
Qd2 fxg5 17. Nxg5 Bxg5 18. fxg5 Nf8 19. Rf6 Ne6 20. Raf1 Rf8 21. h4 Rb7 22. Ng3
Qg7 23. Bh3 Ncd8 24. Rxf8+ Nxf8 25. Bxc8 Re7 26. Bxa6 Nfe6 27. Bc4 Nf4 28. Rxf4
1-0